Statistics for twenty one pilots - Bounce Man lyrics (fill in the blanks)

Click here to take the quiz!

General Stats

  • This quiz has been taken 46 times
  • The average score is 24 of 31

Answer Stats

LyricsAnswer% Correct
You should _____, _____, _____ manbounce
97%
Before you _____, _____, _____ man
bounce
97%
Come to the _____, manhouse
97%
Come to the _____, man
house
97%
I'll let my old _____ knowlady
94%
I'll let my old _____ knowlady
94%
I'll let my old _____ know,lady
94%
Then you head to _____Mexico
90%
then you head to _____
Mexico
90%
then you head to _____Mexico
90%
I don't know if you've got your _____phone
90%
We'll sing one more _____song
90%
on the nightly _____news
87%
You'll be in and _____, _____, _____ man
out
87%
'Cause this went _____to voicemailstraight
87%
Running _____ don't make you wrongaway
81%
And my _____ saw your facewife
81%
Oh _____, what'd you do?
boy
77%
She's been cryin', but I'll tell her you're _____fine
77%
So _____long
77%
So _____long
77%
If they come _____'knockin
74%
Yeah, I told you all _____along
68%
I'll _____ it down
break
68%
I'll know you must have _____ state lines
crossed
65%
_____ you a couple bands,
Float
61%
Ain't no _____' me for youstoppin
61%
Don't matter now, if you need a _____
piece
58%
If you don't _____
reply
58%
Got _____ on my pedigreesoldiers
48%
Just let me know you're _____ on your _____good amenities
32%

Score Distribution

Percentile by Number Answered

Percent of People with Each Score

Your Score History

You have not taken this quiz